LEADER 00814nam0-22003011i-450 001 990003290700403321 005 20220216110253.0 035 $a000329070 035 $aFED01000329070 035 $a(Aleph)000329070FED01 035 $a000329070 100 $a20000920d--------km-y0itay50------ba 101 0 $afre 105 $ay-------001yy 200 1 $aClimatologie$ecompte rendu de recherches 210 $as.l.$cs.e.$ds.d. 215 $ap. 207 610 0 $aClimatologia 676 $a551.6 710 02$aUNESCO$9$013162 801 0$aIT$bUNINA$gRICA$2UNIMARC 901 $aBK 912 $a990003290700403321 952 $a030.003.UNE$b016398$fDECGE 959 $aDECGE 996 $aCLIMATOLOGIE$9445527 997 $aUNINA DB $aING01